000 00685cam a22001814a 4500
005 20250605164356.0
008 250528s ||||||||||||||||||||||||d
035 _a24355
040 _aGR-AtMCL
_bgre
_dGR-AtMCL
_eAACR2
245 1 _aΜεγάλες Συνεντεύξεις
260 _bΠεδίο,
_c2015
300 _a96
520 _a1993-2003, Ουμπέρτο Έκο, Ζοάο Χαβελάνζε, Οσάμα Μπιν Λάντεν, Λαίδη Ντι, Μάϊκλ Τζάκσον, Χιού Χέφνερ, Μπάνκσι, Δαλαϊ Λάμα.
700 1 _aΤσατσαρός Γιάννης
_99452
942 _cCR
999 _c9243
_d9243